Educational Psychology (Record no. 226967)

MARC details
000 -LEADER
fixed length control field 02059nam a22002177a 4500
005 - DATE AND TIME OF LATEST TRANSACTION
control field 20230316105658.0
008 - FIXED-LENGTH DATA ELEMENTS--GENERAL INFORMATION
fixed length control field 230310b ||||| |||| 00| 0 eng d
020 ## - INTERNATIONAL STANDARD BOOK NUMBER
International Standard Book Number 9781292331522
040 ## - CATALOGING SOURCE
Transcribing agency AL
041 ## - LANGUAGE CODE
Language code of text/sound track or separate title eng
082 ## - DEWEY DECIMAL CLASSIFICATION NUMBER
Edition number 23
Classification number 370.15
Item number WOOE
100 ## - MAIN ENTRY--PERSONAL NAME
Personal name Anita Woolfolk
9 (RLIN) 74908
245 ## - TITLE STATEMENT
Title Educational Psychology
250 ## - EDITION STATEMENT
Edition statement 14th ed.
260 ## - PUBLICATION, DISTRIBUTION, ETC.
Place of publication, distribution, etc. New York
Name of publisher, distributor, etc. Pearson
Date of publication, distribution, etc. 2021
300 ## - PHYSICAL DESCRIPTION
Extent 662p.
Other physical details PB
Dimensions 27x21.5cm.
365 ## - TRADE PRICE
Source of price type code General
Price type code 8202
Price amount ₹4967.00
Currency code
Unit of pricing ₹6367.00
Price note 22%
Price effective from 3-03-2023
520 ## - SUMMARY, ETC.
Summary, etc. Anita Woolfolk Hoy was born in Fort Worth, Texas, where her mother taught child development at TCU and her father was an early worker in the computer industry. She is a Texas Longhorn; all of her degrees are from the University of Texas, Austin, the last one a PhD After graduating, she was a psychologist working with children in elementary and secondary schools in 15 counties of central Texas. She began her career in higher education as a professor of educational psychology at Rutgers University, and then moved to The Ohio State University in 1994. Today she is Professor Emerita at Ohio State. Anita's research focuses on motivation and cognition, specifically, students' and teachers' sense of efficacy and teachers' beliefs about education. For many years she was the editor of Theory Into Practice, a journal that brings the best ideas from research to practicing educators. With students and colleagues, she has published more than 150 books, book chapters and research articles.Anita has served as Vice-President for Division K (Teaching & Teacher Education) of the American Educational Research Association and President of Division 15 (Educational Psychology) of the American Psychological Association. Before completing this 14th edition of Educational Psychology, she collaborated with Nancy Perry, University of British Columbia, to write the 2nd edition of Child Development (Pearson, 2015), a book for all those who work with and love children.
650 ## - SUBJECT ADDED ENTRY--TOPICAL TERM
Source of heading or term Psychology
Topical term or geographic name entry element Educational Psychology
9 (RLIN) 74909
942 ## - ADDED ENTRY ELEMENTS (KOHA)
Source of classification or shelving scheme Dewey Decimal Classification
Koha item type Book
Holdings
Withdrawn status Lost status Source of classification or shelving scheme Damaged status Not for loan Collection code Home library Current library Date acquired Source of acquisition Cost, normal purchase price Total Checkouts Full call number Barcode Date last seen Cost, replacement price Price effective from Koha item type
    Dewey Decimal Classification     Corporate Psychology St Aloysius PG Library St Aloysius PG Library 03/08/2023 Biblios Book Point 4967.00   370.15 WOOE PG024282 03/10/2023 6367.00 03/10/2023 Book